Najmniej Demokratyczne Państwa Świata - Statystyki

Ogólne statystyki
  • Ten quiz został rozwiązany 51 razy
  • Średni wynik to 6 z 10
Statystyki odpowiedzi
Lp. Index Odpowiedź % Poprawnych
3 1,08 Korea Północna
100%
1 0,26 Afganistan
70%
5 1,43 Syria
59%
10 1,76 Sudan
57%
8 1,68 Demokratyczna Republika Konga
52%
7 1,67 Czad
50%
6 1,66 Turkmenistan
48%
2 0,85 Mjanma
43%
9 1,71 Laos
37%
4 1,18 Republika Środkowoafrykańska
35%
Nie znaleziono quizów pasujących do podanych kryteriów
Rozkład punktacji
Procent ludzi z każdym wynikiem
Percentyl według liczby udzielonych odpowiedzi
Twoja historia wyników
Nie rozwiązałeś tego quizu